000
00499nam a2200181Ia 4500
008
100917s9999 xx 000 0 und d
082
_b
28270
100
_a
शहा सुरेखा चंद्रगुप्त
245
_a
पानगळ
260
_b
मेनका प्रकाशन
_c
1976
300
_a
115
365
_b
8
520
_a
कादंबरी
630
_a
पानगळ
650
_a
कादंबरी
730
_a
पानगळ
942
_c
BOOK
999
_c
633664
_d
633661